000 00307nam a22001217a 4500
008 170620b xxu||||| |||| 00| 0 eng d
041 _aeng
080 _a321
100 _a20
101 _aSHP
245 _aTHE ROAD FROM PARADISE PROSPECT DEMOCRACY IN EASTERN EUROPE
_cMESTROVIC.S.G
942 _2udc
_cBK
999 _c18354
_d18354